70 Kuşağı şiirimizi tartışıyor (Record no. 2529)

MARC details
000 -BAŞLIK
Sabit Uzunlukta Kontrol Alanı 00719na a2200265 4500
001 - KONTROL NUMARASI
Denetim Alanı 16331
003 - KONTROL NUMARASI IDENTIFIER
Denetim Alanı MIRAKIL
005 - SON İŞLEM TARİHİ VE ZAMANI
Denetim Alanı 20181213154901.0
008 - SABİT-BOY VERİ ELEMANLARI - GENEL BİLGİLER
Sabit Uzunlukta Kontrol Alanı 161021b tu 000 0
035 ## - SİSTEM KONTROL NUMARASI
Sistem Kontrol Numarası 16331
040 ## - KATALOGLAMA KAYNAK
Orijinal Kataloglama Ajansı Milas
Kataloglama Dili tur
Metne Dönüştürmek Ajansı TR-AnCHP
041 ## - DİL KODU
Metin / Ses Parça Veya Ayrı Başlığın Dil Kodu tur
082 ## - DEWEY ONLU SINIFLANDIRMA NUMARASI
Sınıflandırma Numarası 811
Baskı Numarası B54y 1985
090 ## - SINIFLAMA NUMARASI
Sınıflama Numarası 811 B54y 1985
100 ## - ANA GİRİŞ - KİŞİSEL İSİM
Kişisel Ad Bilen, Mehmet Yaşar
245 ## - BAŞLIK TABLOSU
Başlık 70 Kuşağı şiirimizi tartışıyor
Sorumluluk Tablosu, Vb Mehmet Yaşar Bilen
260 ## - YAYIN, DAĞITIM, VB
Yayın, Dağıtım, Vb Yeri Ankara
Yayıncı, Dağıtıcı, Vs Adı Yaba Yayınları
Yayın, Dağıtım, Vb Tarihi 1985
300 ## - FİZİKSEL TANIM
Kapsam 150 s.
Boyutlar 18 sm.
440 ## - SERİSİ TABLOSU / KATMA GİRİŞİ - BAŞLIK
Başlık Yaba Yayınları
Hacim / Ardışık Tanımı 26
490 ## - SERİSİ TABLOSU
Seri Beyanı İnceleme - Bilim Dizisi
Hacim / Ardışık Tanımı 6
650 ## - KONU KATMA GİRİŞ - TOPİKAL DÖNEM
Topikal Süreli Veya Coğrafi Ad Giriş Elemanı 70 kuşağı
Genel Alt Bölümü Şiirler
650 ## - KONU KATMA GİRİŞ - TOPİKAL DÖNEM
Topikal Süreli Veya Coğrafi Ad Giriş Elemanı Türkçe şiir
650 ## - KONU KATMA GİRİŞ - TOPİKAL DÖNEM
Topikal Süreli Veya Coğrafi Ad Giriş Elemanı Türk edebiyatı
Genel Alt Bölümü Şiir
942 ## - EKLENDİ GİRİŞ ELEMANLARI (KOHA)
Sınıflandırma Veya Raf Düzeni Kaynak Dewey Decimal Classification
Koha Öğesi Türü Books
999 ## - SİSTEM KONTROL NUMARALARI (KOHA)
Koha Biblionumber 2529
Koha Biblioitemnumber 2529
Holdings
Kalıcı Konum Mevcut Konum Edinme Tarihi Edinim Kaynak Seri Numaralandırma / Kronolojik Toplam Check-Out'Lar Tam Çağrı Numarası Barkod Tarih Son Görülme İtibaren Geçerli Fiyatlar Koha Öğesi Türü
CHP Kütüphanesi CHP Kütüphanesi 10/03/2016 Bağış c.14   811 B54y 1985 004723 10/03/2016 10/03/2016 Books